| 000 | 01224nam0a2200313 4500 | ||
|---|---|---|---|
| 001 | RU\NLR\bibl\992010 | ||
| 005 | 20260406103742.0 | ||
| 010 |
_a5-488-00503-X _95000 |
||
| 021 |
_aRU _b2006-49269 _92441 |
||
| 035 | _a(NLR Aleph) 000979805 | ||
| 090 |
_a451877 _c451877 |
||
| 100 | _a20061005d2006 |||y0rusy50 ca | ||
| 101 | 1 |
_arus _ceng |
|
| 102 | _aRU | ||
| 105 | _ay ||||||||| | ||
| 200 | 1 |
_aПогоня _e[повесть] _fЛиза Джейн Смит _g[пер. с англ. Е. Незлобиной] |
|
| 210 |
_aМосква _cОникс _d2006 |
||
| 215 |
_a254, [1] с. _d20 |
||
| 225 | 1 | _aЗапретная игра | |
| 309 | _aНа обороте тит.л. в макете и в вып. дан.: Кн. 2 | ||
| 686 | _aШ9(7США)62-4 | ||
| 700 | 1 |
_4070 _8rus _7ca _aСмит _bЛ. Д. _cписатель _f1965-2025 _gЛиза Джейн _3RU\NLR\AUTH\7791997 _974924 |
|
| 801 | 0 |
_aRU _bNLR _c20061005 _grcr |
|
| 801 | 1 |
_aRU _bNLR _c20061005 |
|
| 942 | _cBOOK | ||
| 980 | _aNB | ||